| 000 | 00723nam a22002297a 4500 | ||
|---|---|---|---|
| 005 | 20170124105942.0 | ||
| 010 | _a940471 | ||
| 020 |
_c00.00 _a0706907493 |
||
| 035 | _a940471 | ||
| 037 | _bCen Lib/Ret | ||
| 040 |
_aDPL _bEN |
||
| 082 |
_a327.54 _bKAU |
||
| 100 |
_aKAUL, T.N. _91644 |
||
| 245 |
_aDiplomacy in Peace and war : _cby T.N. Kaul _brecollections and reflections / |
||
| 260 |
_aNew Delhi _bVikas Publishing House _c1979 |
||
| 270 |
_a5, Ansari road, Dariya Ganj _bNew Delhi _e110002 |
||
| 300 |
_ax, 251p. _c21cm(Hb) |
||
| 500 | _aIncludes index | ||
| 650 |
_aWorld politics--Forecasting _973171 |
||
| 650 |
_aConfucianism and world politics _973172 |
||
| 942 |
_2ddc _cEN _h327.54 _mKAU |
||
| 999 |
_c124659 _d124659 |
||